00766nam a2200253 a 4500001001300000003000900013005001700022008004100039020000900080082001700089100002300106245004600129260003100175300000900206500003500215505003900250650003200289650001800321700002300339902000800362942000700370952011800377999001700495nice12345678IN_TiNIC20260116015227.0050524s1989 boma grp 000 0 eng  ac5000a297.82bALS1 aAl-Smawi, Muhammad aThen I Was Guided in Search of True Islam aBombaybNajafi Housec1989 a234p aincludes index and biblioraphy2 areport of a consultation sponsored aCompanions-Prophet of Islam aShiah-History1 aAl-Smawi, Muhammad bSRS cBK 001040708StackRoom-aHMIbHMId2007-06-28g50.00l0o297.82 ALS1p11000230r2007-06-28v50.00w2005-05-24yBK c18827d18827